书目信息 |
| 题名: |
耿效应电子学
|
|
| 作者: | 博希 , Bosch , 恩格尔曼 , Engelman 著 ;林金庭 译 | |
| 分册: | ||
| 出版信息: | 北京 国防工业出版社 1983 |
|
| 页数: | 432页 | |
| 开本: | 19cm | |
| 丛书名: | ||
| 单 册: | ||
| 中图分类: | TN01 , TN387.1 | |
| 科图分类: | ||
| 主题词: | 电子学 , 体效应器件 | |
| 电子资源: | ||
| ISBN: | ||
| 000 | 00992nam0 2200337 45 | |
| 001 | 0183000304 | |
| 005 | 20040519104811.9 | |
| 010 | @dCNY1.70 | |
| 100 | @a19950725d1983 em y0chiy0121 ea | |
| 101 | 1 | @achi@ceng |
| 102 | @aCN@b110000 | |
| 105 | @ay 000yy | |
| 106 | @ar | |
| 200 | 10 | @a耿效应电子学@Ageng xiao ying dian zi xue@f(美)博希(B.G.Bosch),(美)恩格尔曼(R.W.H.Engelmann)著@g林金庭译 |
| 210 | @a北京@c国防工业出版社@d1983 | |
| 215 | @a432页@d19cm | |
| 300 | @a书名原文:Gunneffect electronics | |
| 304 | @a作者博希另译为:博施 | |
| 510 | 1 | @aGunneffect electronics@zeng |
| 606 | @a电子学 | |
| 606 | 0 | @a体效应器件 |
| 690 | @aTN01@v3 | |
| 690 | @aTN387.1 | |
| 701 | 1 | @a博希@Abo xi@bB.G.@4著 |
| 701 | A1 | @aBosch@ABosch@bB.G.@4著 |
| 701 | 1 | @a恩格尔曼@Aen ge er man@bR.W.N.@4著 |
| 701 | A1 | @aEngelman@bR.W.N.@4著 |
| 702 | 0 | @a林金庭@Alin jin ting@4译 |
| 801 | 0 | @aCN@b上海图书馆@c20040519 |
| 801 | 2 | @aCN@bNLC@c20040519 |
| 905 | @f1@b88221@dTN387.1@e4 | |
| 耿效应电子学/(美)博希(B.G.Bosch),(美)恩格尔曼(R.W.H.Engelmann)著/林金庭译.-北京:国防工业出版社,1983 |
| 432页;19cm |
| 书名原文:Gunneffect electronics |
| ISBN :CNY1.70 |
| ● |
| 相关链接 |
|
|
|
|
正题名:耿效应电子学
索取号:TN387.1/4
 
预约/预借
| 序号 | 登录号 | 条形码 | 馆藏地/架位号 | 状态 | 备注 |
| 1 | 0088221 | 001352360 | 第三借阅区/ [索取号:TN387.1/4] | 在馆 |